000 00297nam a22001337a 4500
008 180918b xxu||||| |||| 00| 0 eng d
020 _a9781437708844
041 _aeng
080 _a611
100 _a6
101 _aANA
245 _aPhysical Medcine Rehalibition
_cChan.l
942 _2udc
_cBK
999 _c47959
_d47959